| 000 | 00397nam a2200145Ia 4500 | ||
|---|---|---|---|
| 008 | 210210b1987 xxu||||| |||| 00| 0 eng d | ||
| 020 | _a19 562023 2 | ||
| 082 | _a954.799 GAIL | ||
| 100 | _aGAITONDE (P D). | ||
| 245 | _aLiberation of Goa a participants view of history. | ||
| 260 |
_aDelhi. _bOxford University Press., _c1987 |
||
| 300 | _axiii,192 | ||
| 690 | _aIndian History | ||
| 906 | _a041640 | ||
| 999 |
_c91366 _d91366 |
||